000 00324nam a2200121Ia 4500
008 240731s9999 xx 000 0 und d
022 _a1178-7023
245 0 _aClinical and Experimental Gastroenterology
260 _bDove Medical Press
856 _uhttps://www.tandfonline.com/loi/dceg20
942 _2ddc
942 _cTFEJ
999 _c75907
_d75907
945 _a1
_bMadushi Gamage
_c1
_dMadushi Gamage